Name All AP Courses - Statistics

General Stats
  • This quiz has been taken 17 times
  • The average score is 15 of 42
Answer Stats
Answer % Correct
Biology
85%
Calculus AB
85%
Calculus BC
85%
Chemistry
85%
United States History
62%
Macroeconomics
54%
Microeconomics
54%
Precalculus
54%
Psychology
54%
Computer Science A
46%
Computer Science Principles
46%
European History
46%
Statistics
46%
Art History
38%
Human Geography
38%
Music Theory
38%
Physics C: Mechanics
38%
English Language and Composition
31%
English Literature and Composition
31%
Environmental Science
31%
Physics C: Electricity and Magnetism
31%
Seminar
31%
World History: Modern
31%
African American Studies
23%
Chinese Language and Culture
23%
Comparative Government and Politics
23%
Drawing
23%
French Language and Culture
23%
German Language and Culture
23%
Italian Language and Culture
23%
Japanese Language and Culture
23%
Physics 1: Algebra Based
23%
Spanish Language and Culture
23%
United States Government and Politics
23%
2-D Art and Design
15%
3-D Art and Design
15%
Cybersecurity
15%
Latin
15%
Physics 2: Algebra Based
15%
Spanish Literature and Culture
15%
Business With Personal Finance
8%
Research
8%
No matching quizzes found
Score Distribution
Percent of People with Each Score
Percentile by Number Answered
Your Score History
You have not taken this quiz